| 000 | 00314nam a22001217a 4500 | ||
|---|---|---|---|
| 082 |
_a540.2462 _bSHA/TE |
||
| 100 |
_aShashi Chawla _9136 |
||
| 245 | _aA Text Book of Engineering Chemistry | ||
| 260 |
_aNew Delhi _bDhanpat Rai & Co _c2012 |
||
| 300 | _aIIC.24 | ||
| 650 |
_aEngineering Chemistry _9137 |
||
| 942 | _cBK | ||
| 999 |
_c14123 _d14123 |
||